History Quiz

Random History or Nation Quiz

'K' in History Quiz Stats

 Plays Quiz Updated Jan 4, 2019

Support Sporcle.
Go Orange.
Score 0/20 Timer 05:00
3 Plays Today
Question Answer % Correct
Which racist hate organization first appeared in the southern USA in the 1860s?Ku Klux Klan
92.6%
Which famous 'dreamer' was assassinated in Memphis, Tennessee in 1968?Martin Luther King, Jr
91.5%
The Gulf War of 1991 was caused by the Iraqi invasion of which country?Kuwait
88.8%
What name was given to Japanese pilots who would try to crash their planes into enemy ships?Kamikaze
81.2%
The site of which Moscow political building has been inhabited since the 2nd century BC?Kremlin
81%
Which Scottish engineer is known for discovering the lower limit to temperature, absolute zero?Lord Kelvin
79.2%
Which war resulted from tension caused by the division of the country along the 38th Parallel?Korean War
75.3%
Which city was capital of Japan from 1180 until 1868, when Tokyo became capital?Kyoto
74.8%
The NATO bombing of which Balkan country in 1998-99 remains controversial?Kosovo
74.6%
Which author, famous for 'The Jungle Book,' won the Nobel Prize in Literature in 1907?Rudyard Kipling
71.8%
Question Answer % Correct
In which country did the Mau Mau uprising occur during the 1950s?Kenya
58.9%
Which volcano caused the loudest noise in recorded history when it erupted in 1883?Krakatoa
58%
Which Gold Rush saw 100,000 people travel to north-western Canada in the 1890s?Klondike
55.9%
Which former Soviet Republic gained full independence on 25th December 1991?Kyrgyzstan
51.1%
Which Soviet leader was removed from power by Leonid Brezhnev in 1964?Nikita Khrushchev
39%
Which Mongol leader, grandson of Temujin, established the Yuan dynasty in China?Kublai Khan
38.1%
What was the name of the raft used by Thor Heyerdahl in 1947?Kon-Tiki
35.5%
Which Australian outlaw killed three policemen and was hanged in November 1880?Ned Kelly
31.9%
Which civilization ruled much of south-east Asia during the 9th-13th centuries?Khmer
30.3%
Which Egyptian Pharaoh, also known as Cheops, was the builder of the Great Pyramid of Giza?Khufu
18.3%

You're not logged in!

Compare scores with friends on all Sporcle quizzes.
OR
Log In
Forgot?

From the Vault

1970s Movie Definitions

by NO_r_WAY

Movies 2m
I think we're going to need a bigger dictionary.
Remove Ads.
Support Sporcle.
Get the best of Sporcle when you Go Orange. This ad-free experience offers more features, more stats, and more fun while also helping to support Sporcle. Thank you for becoming a member.

Show Comments

Extras

Top Quizzes Today


Score Distribution

Your Account Isn't Verified!

In order to create a playlist on Sporcle, you need to verify the email address you used during registration. Go to your Sporcle Settings to finish the process.

Report this User

Report this user for behavior that violates our Community Guidelines.

Details: